Harry Potter A-Z (With 'X' which most miss out) - Statistics

General Stats
  • This quiz has been taken 4,619 times
    4,615 since last reset
  • The average score is 20 of 26
Answer Stats
A-Z Description Answer % Correct
B Sirius's cousin and Narcissa Malfoy's sister. Bellatrix Lestrange
96%
G Fred Weasley's twin brother. George Weasley
96%
D Follower Group name of Voldemort's. Death Eaters.
94%
T Voldemort's name and his father's Tom Riddle
92%
V Evil man, has 7 horcruxes. Voldemort
91%
R Werewolf on Light side, Nicknamed Moony(also responding to the comment, i say light side so there!) Remus Lupin
90%
M Professor of Transfiguration Minerva McGonagall
89%
S House of the Pure-Blood in Origin, House Ghost is The Bloody Baron Slytherin
89%
U The strict High Inquisitor that is briefly Headmistress at Hogwarts Umbridge (Dolores)
89%
W Fill in the gap- 'The wand chooses the ______, Harry.' Wizard
89%
N Surname Tonks, Married to Remus Lupin. Nymphadora Tonks
87%
Q Defence against the Dark Arts teacher, was possessed by Voldemort Quirinus Quirell
87%
X Editor of The Quibbler Magazine, and Luna's father. Xenophilius Lovegood
87%
H Rowena Ravenclaw's Daughter. Helena Ravenclaw
86%
O Wand shop in Diagon Alley Ollivanders
86%
A Unlocking Spell Alohomora
83%
C Torture curse used by The Dark Lord's army more than anyone else. Cruciatus Curse
78%
F Werewolf that specializes in attacking children. Attacked Remus Lupin, and Bill Weasley. Fenrir Greyback
76%
K Order of the Phoenix Member, and works for the Ministry of magic. Kingsley Shacklebolt
76%
Y Death Eater in Astronomy Tower when Albus died. Yaxley
61%
E The first name of Mr. Doge. Elphias
60%
L Spell that makes the victim dangle by the ankle in mid-air Levicorpus
59%
I First name of the third Peverell brother Ignotus
57%
J One of the six types of magic.( responding to a rather obnoxious comment there is six) Jinx
55%
Z Ron's enemy, and part of the house Hufflepuff. Zacharias Smith
51%
P Something Voldemort went through a lot for but never recieved as neville and harry destroyed it in the 6th part Prophecy
40%
No matching quizzes found
Score Distribution
Percent of People with Each Score
Percentile by Number Answered
Your Score History
You have not taken this quiz since the last reset